| 000 -CABECERA |
| Longitud fija campo de control |
00777nam a22002297a 4500 |
| 003 - IDENTIFICADOR DEL NÚMERO DE CONTROL |
| Identificador del número de control |
OSt |
| 005 - FECHA Y HORA DE LA ÚLTIMA TRANSACCIÓN |
| Fecha y hora de la última transacción |
20160728152814.0 |
| 008 - CÓDIGOS DE INFORMACIÓN DE LONGITUD FIJA |
| Códigos de información de longitud fija |
160728s2014 spc|||| |||| 001 0dspa|d |
| 017 ## - NÚMERO DE COPYRIGHT O DE DEPÓSITO LEGAL |
| Número de copyright o de depósito legal |
DL B 23567-2014 |
| 020 ## - NÚMERO INTERNACIONAL NORMALIZADO PARA LIBROS |
| Número Internacional Normalizado para Libros (ISBN) |
9788423348749 |
| 040 ## - FUENTE DE LA CATALOGACIÓN |
| Lengua de catalogación |
cat |
| Centro transcriptor |
CDMR |
| 100 1# - PUNTO DE ACCESO PRINCIPAL-NOMBRE DE PERSONA |
| Nombre de persona |
Pla, Josep |
| Fechas asociadas al nombre |
1897-1981 |
| 9 (RLIN) |
827 |
| 245 13 - MENCIÓN DE TÍTULO |
| Título |
La vida lenta |
| Resto del título |
: notes per tres diaris (1956, 1957 y 1964) |
| Mención de responsabilidad, etc. |
Josep Pla ; edició i pròleg de Xavier Pla |
| 260 ## - PUBLICACIÓN, DISTRIBUCIÓN, ETC. (PIE DE IMPRENTA) |
| Lugar de publicación, distribución, etc. |
Barcelona : |
| Nombre del editor, distribuidor, etc. |
Destino, |
| Fecha de publicación, distribución, etc. |
2014 |
| 300 ## - DESCRIPCIÓN FÍSICA |
| Extensión |
379 p. ; |
| Dimensiones |
23 cm |
| 500 ## - NOTA GENERAL |
| Nota general |
Notes. Índex |
| 600 14 - PUNTO DE ACCESO ADICIONAL DE MATERIA - NOMBRE DE PERSONA |
| Nombre de persona |
Pla, Josep |
| Fechas asociadas al nombre |
1897-1981 |
| Subdivisión de materia general (R ) |
Diaris íntims |
| 9 (RLIN) |
827 |
| 650 17 - PUNTO DE ACCESO ADICIONAL DE MATERIA - TÉRMINO DE MATERIA |
| Término de materia o nombre geográfico como elemento inicial |
Escriptors catalans |
| Subdivisión cronológica |
S. XX |
| Subdivisión de materia general |
Diaris íntims |
| Fuente del encabezamiento o término |
lemac |
| 9 (RLIN) |
3291 |
| 650 17 - PUNTO DE ACCESO ADICIONAL DE MATERIA - TÉRMINO DE MATERIA |
| Término de materia o nombre geográfico como elemento inicial |
Periodistes catalans |
| Subdivisión cronológica |
S. XX |
| Subdivisión de materia general |
Diaris íntims |
| Fuente del encabezamiento o término |
lemac |
| 9 (RLIN) |
4 |
| 700 1# - PUNTO DE ACCESO ADICIONAL - NOMBRE DE PERSONA |
| Nombre de persona |
Pla, Xavier |
| Fechas asociadas al nombre |
1966- |
| Término indicativo de función |
ed. |
| 9 (RLIN) |
3655 |
| 942 ## - ENTRADA DE ELEMENTOS AGREGADOS (KOHA) |
| Koha [por defecto] tipo de item |
Monografies |